000 00571nam a22001937a 4500
003 CEME
005 20210628201702.0
008 210204b xxu||||| |||| 00| 0 eng d
020 _a0-675-22289-3
040 _c.
082 _a621.815 MOT
100 _aMott, Robert. L
_934485
245 _aMachine elements in mechanical design
250 _a2ND
260 _aNEW JERSEY
_bPRENTICE HALL
_c1992
300 _aXXIII,876P
650 _aMACHINERY DESIGN, MECHANICAL MOVEMENTS,STRESS ANALYSIS, SHAFT DESIGN,SPUR GEARS,BEARINGS,MOTION CONTROL
_956344
942 _cBK
_2ddc
999 _c566793
_d566793